| 000 | 00376nam a22001577a 4500 | ||
|---|---|---|---|
| 999 |
_c532309 _d532309 |
||
| 003 | NUST | ||
| 005 | 20191118103138.0 | ||
| 008 | 191118b ||||| |||| 00| 0 eng d | ||
| 038 | _aMSOHAIL | ||
| 082 | _a0 | ||
| 100 |
_aPenguin Group _925746 |
||
| 245 |
_aThe Economist Books: _bPocket Manager |
||
| 260 |
_aUSA _bPenguin Group _cc1994 |
||
| 300 | _ap;234 | ||
| 942 |
_2ddc _cBK |
||